| 000 | 01085nam a2200337Ia 4500 | ||
|---|---|---|---|
| 005 | 20250425160639.0 | ||
| 008 | 250425s9999 xx 000 0 und d | ||
| 020 | _a9701701690 | ||
| 041 | _aspa | ||
| 082 | _a540 | ||
| 100 | _aBROWN, THEODORE L. | ||
| 245 | 0 | _aQUIMICA : LA CIENCIA CENTRAL | |
| 250 | _a7A ED. | ||
| 260 | _aMEXICO | ||
| 260 |
_aMéxico _bPRENTICE-HALL _c1998 |
||
| 300 | _a1178 | ||
| 500 | _aCONSULTAR inv.31996, 39046, 39047 EN BIBTEC. 17/AGO/00 inv. 15888 C.4, inv.35849 a 35859 c.35 a c.45, Inv. 35860 a 35870 c. 46 a c. 56 6/SEP/00, D-22872-D-22874 c.64-c.66. INV.40849, 40850 c.67-c.68 26 FEB/02.INV. 41151-41152 c..69-c.70 CIB ESPOL | ||
| 500 | _aTítulo Traducido: CHEMISTRY: THE CENTRAL SCIENCE | ||
| 650 | _aCINETICA QUIMICA | ||
| 650 | _aCINETICA QUIMICA | ||
| 650 | _aEQUILIBRIO QUIMICO | ||
| 650 | _aEQUILIBRIO QUIMICO | ||
| 650 | _aQUIMICA | ||
| 650 | _aQUIMICA | ||
| 650 | _aTERMOQUIMICA | ||
| 650 | _aTERMOQUIMICA | ||
| 700 | _aBURSTEN, BRUCE E. | ||
| 700 | _aLEMAY, H. EUGENE | ||
| 942 | _c01 | ||
| 010 | _a1145 | ||
| 999 |
_c193310 _d193310 |
||